[Event "Eschborn op"]
[Site "Eschborn"]
[Date "2019.08.17"]
[Round "3.21"]
[White "Mut, Friedrich"]
[Black "Weisheit, Erik"]
[Result "0-1"]
[WhiteElo "1500"]
[BlackElo "1923"]
[PlyCount "68"]
[EventDate "2019.08.16"]
[EventType "swiss"]
[EventRounds "5"]
[EventCountry "GER"]
[SourceTitle "EXT 2024"]
[Source "ChessBase"]
[SourceDate "2023.10.10"]
[SourceVersion "1"]
[SourceVersionDate "2023.10.10"]
[SourceQuality "1"]

1. e4 c5 2. Nf3 Nc6 3. Bc4 e6 4. Nc3 a6 5. a4 Nf6 6. d3 d5 7. exd5 exd5 8. Ba2 Be7 9. Bd2 Bg4 10. h3 Bh5 11. g4 d4 12. Ne2 Bg6 13. Nf4 Qd7 14. Qe2 0-0 15. Nxg6 hxg6 16. 0-0-0 b5 17. Bb3 Rab8 18. h4 Qb7 19. Bf4 bxa4 20. Bxf7+ Rxf7 21. Bxb8 Qxb8 22. Ng5 a3 23. b3 Qf4+ 24. Qd2 Qxd2+ 25. Kxd2 Rf8 26. Ra1 Nxg4 27. Rxa3 Bxg5+ 28. hxg5 Rxf2+ 29. Kc1 Nb4 30. Ra4 Ne3 31. Rxb4 Rxc2+ 32. Kb1 cxb4 33. Rc1 Rxc1+ 34. Kxc1 Kf7 0-1

[Event "Rhein Main op-B 22nd"]
[Site "Bad Homburg"]
[Date "2019.06.22"]
[Round "6"]
[White "Mut, Friedrich"]
[Black "Koepke, Carolina"]
[Result "1-0"]
[WhiteElo "1726"]
[BlackElo "1424"]
[PlyCount "123"]
[EventDate "2019.06.19"]
[EventType "swiss"]
[EventRounds "7"]
[EventCountry "GER"]
[SourceTitle "EXT 2020"]
[Source "ChessBase"]
[SourceDate "2019.10.17"]
[SourceVersion "1"]
[SourceVersionDate "2019.10.17"]
[SourceQuality "1"]

1. e4 e5 2. Nf3 Nc6 3. Bc4 Bc5 4. c3 Qf6 5. 0-0 d6 6. h3 Qg6 7. Kh1 Qxe4 8. Bxf7+ Kf8 9. Ng5 Qf5 10. f4 exf4 11. d4 Qxg5 12. Bxf4 Qe7 13. dxc5 dxc5 14. Bxg8 Kxg8 15. Bxc7 Be6 16. Bd6 Qd7 17. Na3 h6 18. Bxc5 Qxd1 19. Raxd1 Bxa2 20. Rd7 b6 21. Rc7 bxc5 22. Rxc6 c4 23. Nxc4 Bxc4 24. Rxc4 Kh7 25. Rf7 Rhg8 26. Rcc7 a5 27. Ra7 Rxa7 28. Rxa7 Rb8 29. Rxa5 Rxb2 30. Rc5 Rc2 31. Kh2 Kg6 32. Kg3 Kf6 33. Kf3 Ke6 34. h4 Kd6 35. Rc8 Ke5 36. g3 Rc1 37. Kg4 Kf6 38. Rc6+ Kf7 39. c4 g6 40. h5 gxh5+ 41. Kxh5 Rh1+ 42. Kg4 Kg7 43. Rc5 Kg6 44. Rc6+ Kg7 45. Rd6 Rc1 46. Rd4 Kg6 47. Kf4 Rc3 48. g4 Kf6 49. Rd6+ Kg7 50. Rc6 Kf7 51. c5 Rh3 52. Rc7+ Kf6 53. c6 Rc3 54. Rc8 Rc4+ 55. Kg3 Ke6 56. Rh8 Rxc6 57. Rxh6+ Kd7 58. Rxc6 Kxc6 59. Kf4 Kd7 60. Kf5 Ke8 61. Kg6 Kf8 62. Kh7 1-0

[Event "Rhein Main op-B 22nd"]
[Site "Bad Homburg"]
[Date "2019.06.20"]
[Round "3"]
[White "Martin, Lukas"]
[Black "Mut, Friedrich"]
[Result "1-0"]
[WhiteElo "1529"]
[BlackElo "1726"]
[PlyCount "81"]
[EventDate "2019.06.19"]
[EventType "swiss"]
[EventRounds "7"]
[EventCountry "GER"]
[SourceTitle "EXT 2020"]
[Source "ChessBase"]
[SourceDate "2019.10.17"]
[SourceVersion "1"]
[SourceVersionDate "2019.10.17"]
[SourceQuality "1"]

1. d4 c6 2. c4 f5 3. Nf3 Nf6 4. Nc3 e6 5. Bf4 d6 6. e3 Be7 7. Be2 0-0 8. 0-0 h6 9. h3 Nbd7 10. a3 Ne4 11. Nxe4 fxe4 12. Nd2 d5 13. cxd5 exd5 14. b4 a6 15. Qb3 Nf6 16. a4 Bd6 17. Bxd6 Qxd6 18. b5 Bd7 19. bxc6 bxc6 20. a5 Rfb8 21. Qa2 Nh7 22. Nxe4 Qg6 23. f3 Bxh3 24. Bd3 Kh8 25. Nc5 Bf5 26. Bxa6 Ng5 27. e4 dxe4 28. fxe4 Nxe4 29. Bd3 Qf6 30. Bxe4 Rxa5 31. Qxa5 Qxd4+ 32. Kh1 Bxe4 33. Nxe4 Qxe4 34. Qf5 Qh4+ 35. Qh3 Qd4 36. Ra2 Re8 37. Raf2 Re4 38. Rf8+ Kh7 39. Qf5+ g6 40. Qf7+ Qg7 41. Qxg7+ 1-0

[Event "Main Vogelsberg op 14th"]
[Site "Waechtersbach"]
[Date "2019.06.10"]
[Round "7"]
[White "Mut, Friedrich"]
[Black "Enders, Georg"]
[Result "1-0"]
[WhiteElo "1544"]
[BlackElo "1429"]
[PlyCount "93"]
[EventDate "2019.06.07"]
[EventType "swiss"]
[EventRounds "7"]
[EventCountry "GER"]
[SourceTitle "CBM 190 Extra"]
[Source "ChessBase"]
[SourceDate "2019.07.15"]
[SourceVersion "1"]
[SourceVersionDate "2019.07.15"]
[SourceQuality "1"]

1. e4 e5 2. Nf3 Nf6 3. Nc3 d6 4. Bc4 Be7 5. h3 0-0 6. 0-0 Nc6 7. a3 Bd7 8. d3 h6 9. Nh2 Qc8 10. f4 exf4 11. Bxf4 Nd4 12. Nf3 Ne6 13. Be3 c6 14. Z0 b5 15. Ba2 Nh5 16. Ne2 Kh8 17. Qd2 a5 18. Bxh6 Kg8 19. Bg5 Nf6 20. e5 dxe5 21. Nxe5 Be8 22. Rae1 Nxg5 23. Ng6 Ra7 24. Qxg5 Qd8 25. Nxe7+ Qxe7 26. Nd4 Qd8 27. Nxc6 Bxc6 28. Re5 Be8 29. Ref5 Ra6 30. Qg6 Rd6 31. Rg5 Nh5 32. Qxh5 Qb6+ 33. Kh1 Rh6 34. Qg4 Kh8 35. Rxg7 Rf6 36. Rxf6 Qxf6 37. Rg5 Qf1+ 38. Kh2 Qf6 39. Z0 Kh7 40. Rh5+ Qh6 41. Qf5+ Kg7 42. Rxh6 Kxh6 43. Qf6+ Kh7 44. Bd5 Rh8 45. Bxf7 Rf8 46. Qg6+ Kh8 47. Qh6# 1-0

[Event "Hofheim Spring op-B 2nd"]
[Site "Hofheim"]
[Date "2014.04.26"]
[Round "8"]
[White "Mut, Friedrich"]
[Black "Wuestehube, Axel"]
[Result "0-1"]
[WhiteElo "1727"]
[BlackElo "1943"]
[PlyCount "28"]
[EventDate "2014.04.22"]
[EventType "swiss"]
[EventRounds "9"]
[EventCountry "GER"]
[SourceTitle "CBM 160 Extra"]
[Source "ChessBase"]
[SourceDate "2014.07.01"]
[SourceVersion "1"]
[SourceVersionDate "2014.07.01"]
[SourceQuality "1"]

1. e4 d6 2. f4 g6 3. Bc4 Nf6 4. d3 Bg7 5. Nf3 Bg4 6. 0-0 d5 7. Bb3 dxe4 8. h3 exf3 9. hxg4 Nxg4 10. Qxf3 Bd4+ 11. Kh1 h5 12. c3 Bb6 13. d4 e6 14. Qxb7 Qh4+ 0-1

[Event "Hofheim Spring op-B 2nd"]
[Site "Hofheim"]
[Date "2014.04.24"]
[Round "4"]
[White "Mut, Friedrich"]
[Black "Ziegenfuss, Larissa"]
[Result "1-0"]
[WhiteElo "1727"]
[BlackElo "1303"]
[PlyCount "91"]
[EventDate "2014.04.22"]
[EventType "swiss"]
[EventRounds "9"]
[EventCountry "GER"]
[SourceTitle "CBM 160 Extra"]
[Source "ChessBase"]
[SourceDate "2014.07.01"]
[SourceVersion "1"]
[SourceVersionDate "2014.07.01"]
[SourceQuality "1"]

1. f4 Nf6 2. Nf3 d6 3. d3 Nc6 4. e4 e5 5. Be2 Be7 6. f5 0-0 7. h4 d5 8. Nbd2 Ng4 9. Nb3 dxe4 10. dxe4 Qxd1+ 11. Bxd1 b6 12. Ng5 Nf6 13. Nd2 h6 14. Nh3 Nd7 15. Nf3 Ba6 16. g4 f6 17. Nf2 Nd4 18. Be3 Bc5 19. Nxd4 Bxd4 20. Bxd4 exd4 21. Be2 Bxe2 22. Kxe2 Ne5 23. g5 fxg5 24. hxg5 hxg5 25. Rh5 g4 26. Rg5 Kf7 27. Nxg4 Nxg4 28. Rxg4 Rae8 29. Rag1 Rg8 30. Kf3 Re5 31. Kf4 Rc5 32. R1g2 Rc6 33. e5 Rh6 34. e6+ Kf6 35. Rg6+ Rxg6 36. Rxg6+ Ke7 37. Ke5 c5 38. Rxg7+ Rxg7 39. f6+ Kf8 40. fxg7+ Kxg7 41. Kd6 c4 42. e7 d3 43. cxd3 cxd3 44. e8Q d2 45. Qe5+ Kg6 46. Qd4 1-0

[Event "Hofheim Spring op-B 2nd"]
[Site "Hofheim"]
[Date "2014.04.22"]
[Round "1"]
[White "Makilla, Tobias"]
[Black "Mut, Friedrich"]
[Result "1-0"]
[WhiteElo "1928"]
[BlackElo "1727"]
[PlyCount "53"]
[EventDate "2014.04.22"]
[EventType "swiss"]
[EventRounds "9"]
[EventCountry "GER"]
[SourceTitle "CBM 160 Extra"]
[Source "ChessBase"]
[SourceDate "2014.07.01"]
[SourceVersion "1"]
[SourceVersionDate "2014.07.01"]
[SourceQuality "1"]

1. e4 e5 2. Nf3 Nc6 3. c3 Nf6 4. d4 exd4 5. e5 Ng8 6. cxd4 Bb4+ 7. Nbd2 Qe7 8. Bb5 f6 9. 0-0 fxe5 10. dxe5 Bxd2 11. Bxd2 Qe6 12. Qa4 Nge7 13. Rfe1 h6 14. Bc4 Nd5 15. Qb3 Nce7 16. Nd4 Qg4 17. Nb5 a6 18. Nd6+ Kf8 19. Nxc8 Rxc8 20. Bxd5 c6 21. Bf3 Qe6 22. Qxe6 dxe6 23. Bb4 Rd8 24. Rad1 Kf7 25. Bh5+ Ng6 26. Bd6 Rd7 27. Re3 1-0

[Event "Eschborn op 08th"]
[Site "Eschborn"]
[Date "2011.05.18"]
[Round "5"]
[White "Traut, Stefan"]
[Black "Mut, Friedrich"]
[Result "1/2-1/2"]
[WhiteElo "1811"]
[BlackElo "1715"]
[PlyCount "113"]
[EventDate "2011.05.13"]
[EventType "swiss"]
[EventRounds "5"]
[EventCountry "GER"]
[SourceTitle "EXT 2014"]
[Source "ChessBase"]
[SourceDate "2013.11.20"]
[SourceVersion "1"]
[SourceVersionDate "2013.11.20"]
[SourceQuality "1"]

1. d4 d5 2. Nf3 e6 3. g3 Nf6 4. c4 dxc4 5. Bg2 c6 6. Ne5 Bd6 7. Nxc4 Bc7 8. 0-0 0-0 9. Nc3 Nd5 10. e4 Nb6 11. Ne3 Bd7 12. b3 f6 13. Bb2 Be8 14. Rc1 Bg6 15. Qd2 N8d7 16. Ne2 Bf7 17. Nc3 Rc8 18. b4 Ne5 19. Nb1 Ng6 20. Rfd1 Qd7 21. Nc3 Rfd8 22. a4 e5 23. d5 cxd5 24. exd5 Bd6 25. Nb5 a6 26. Nxd6 Qxd6 27. a5 Rxc1 28. Bxc1 Na8 29. Ba3 b5 30. Qc3 Ne7 31. Qc5 Nc7 32. Qxd6 Rxd6 33. Bb2 Ncxd5 34. Nxd5 Bxd5 35. Bxd5+ Rxd5 36. Rxd5 Nxd5 37. Ba3 Kf7 38. Kf1 Ke6 39. Ke2 f5 40. h4 h6 41. Kd3 g5 42. hxg5 hxg5 43. f3 Nf6 44. Bc1 g4 45. fxg4 Nxg4 46. Bd2 Kd5 47. Be1 e4+ 48. Kc3 Ne5 49. Bf2 Ng4 50. Bc5 Nh2 51. Be3 Nf1 52. Bf4 Nh2 53. Be3 Ng4 54. Bc5 Ne5 55. Bf2 Nd3 56. Be3 Ne5 57. Bf2 1/2-1/2

[Event "Eschborn op 08th"]
[Site "Eschborn"]
[Date "2011.05.14"]
[Round "3"]
[White "Matzies, Alexander"]
[Black "Mut, Friedrich"]
[Result "1-0"]
[WhiteElo "1982"]
[BlackElo "1715"]
[PlyCount "109"]
[EventDate "2011.05.13"]
[EventType "swiss"]
[EventRounds "5"]
[EventCountry "GER"]
[SourceTitle "EXT 2014"]
[Source "ChessBase"]
[SourceDate "2013.11.20"]
[SourceVersion "1"]
[SourceVersionDate "2013.11.20"]
[SourceQuality "1"]

1. d4 d5 2. c4 Nf6 3. cxd5 Qxd5 4. Nc3 Qd8 5. e4 e6 6. Nf3 Be7 7. Bd3 0-0 8. 0-0 b6 9. Qe2 Bb7 10. Rd1 c6 11. Bg5 Ne8 12. Bxe7 Qxe7 13. Rac1 Nf6 14. Bb1 g6 15. Nd2 Nbd7 16. e5 Ne8 17. Qe3 f5 18. exf6 Nexf6 19. Re1 Rae8 20. a3 Ng4 21. Qe2 Qh4 22. h3 Rxf2 23. Qxg4 Qxg4 24. hxg4 Rxd2 25. Ba2 Nf8 26. Ne4 Rxb2 27. Nf6+ Kf7 28. Nxe8 Kxe8 29. Bxe6 Kd8 30. Bf7 Nd7 31. Re8+ Kc7 32. Rh8 Rd2 33. d5 c5 34. Rxh7 Bxd5 35. Bxd5 Rxd5 36. Rg7 Rd6 37. Kf2 Kc6 38. Ke3 a6 39. Kf4 b5 40. Kg5 Ne5 41. Ra7 Kb6 42. Re7 Nd7 43. Rce1 c4 44. R7e6 Kc5 45. Rxd6 Kxd6 46. Kxg6 a5 47. g5 b4 48. axb4 axb4 49. Kf7 Ne5+ 50. Kf6 Nd7+ 51. Kf5 b3 52. g6 c3 53. g7 c2 54. g8Q b2 55. Qg3+ 1-0

[Event "Rhein Main op 13th"]
[Site "Bad Homburg"]
[Date "2010.06.06"]
[Round "7"]
[White "Mut, Friedrich"]
[Black "Armbrust, Matthias"]
[Result "0-1"]
[WhiteElo "1715"]
[BlackElo "1813"]
[PlyCount "54"]
[EventDate "2010.06.02"]
[EventType "swiss"]
[EventRounds "7"]
[EventCountry "GER"]
[SourceTitle "EXT 2011"]
[Source "ChessBase"]
[SourceDate "2010.11.26"]
[SourceVersion "1"]
[SourceVersionDate "2010.11.26"]
[SourceQuality "1"]

1. f4 d5 2. Nf3 Nf6 3. e3 c5 4. c4 e6 5. Bd3 Nc6 6. a3 Bd6 7. 0-0 0-0 8. Nc3 a6 9. Qc2 dxc4 10. Bxc4 b5 11. Ba2 Bb7 12. d3 Rc8 13. Ng5 e5 14. fxe5 Bxe5 15. d4 cxd4 16. Rxf6 d3 17. Qb3 Qxf6 18. Nce4 Qg6 19. Bd2 h6 20. Nc5 Qxg5 21. Nxb7 Qh5 22. h3 Qe2 23. Rd1 Bg3 24. Bb1 Ne5 25. Bb4 Nf3+ 26. Kh1 Nh4 27. Rg1 Rc1 0-1

[Event "Rhein Main op 13th"]
[Site "Bad Homburg"]
[Date "2010.06.04"]
[Round "4"]
[White "Brauer, Frank"]
[Black "Mut, Friedrich"]
[Result "0-1"]
[WhiteElo "1924"]
[BlackElo "1715"]
[PlyCount "36"]
[EventDate "2010.06.02"]
[EventType "swiss"]
[EventRounds "7"]
[EventCountry "GER"]
[SourceTitle "EXT 2011"]
[Source "ChessBase"]
[SourceDate "2010.11.26"]
[SourceVersion "1"]
[SourceVersionDate "2010.11.26"]
[SourceQuality "1"]

1. e4 e5 2. Nf3 Nc6 3. Bb5 d6 4. d4 Bd7 5. d5 Nce7 6. Bxd7+ Qxd7 7. 0-0 f5 8. Nc3 fxe4 9. Nxe4 Nf6 10. Nxf6+ gxf6 11. c4 Rg8 12. b3 Qg4 13. g3 h5 14. Kh1 Nf5 15. Nd2 Qh3 16. Qf3 0-0-0 17. Bb2 Bh6 18. Ne4 Nh4 0-1

[Event "Main Vogelsberg op 4th"]
[Site "Heusenstamm"]
[Date "2009.05.01"]
[Round "2"]
[White "Liez, Tatjana"]
[Black "Mut, Friedrich"]
[Result "1-0"]
[WhiteElo "815"]
[BlackElo "1574"]
[PlyCount "45"]
[EventDate "2009.04.30"]
[EventType "swiss"]
[EventRounds "7"]
[EventCountry "GER"]
[SourceTitle "CBM 130 Extra"]
[Source "ChessBase"]
[SourceDate "2009.07.02"]
[SourceVersion "2"]
[SourceVersionDate "2009.07.15"]
[SourceQuality "1"]

1. e4 e5 2. Nf3 Nc6 3. Bb5 Bd6 4. d3 f5 5. Nc3 Nf6 6. Bg5 h6 7. Bxf6 Qxf6 8. a3 0-0 9. Nd5 Qe6 10. Bc4 Qe8 11. Nf6+ Kh8 12. Nxe8 Rxe8 13. Nh4 Ne7 14. Qh5 Rf8 15. exf5 Bc5 16. 0-0 d5 17. Ba2 Bxf5 18. Nxf5 Rxf5 19. Qe2 Raf8 20. Rae1 Bxf2+ 21. Rxf2 Rxf2 22. Qxf2 Rxf2 23. Kxf2 1-0

[Event "Main Vogelsberg op 4th"]
[Site "Heusenstamm"]
[Date "2009.04.30"]
[Round "1"]
[White "Mut, Friedrich"]
[Black "Schiffers, Sascha"]
[Result "0-1"]
[WhiteElo "1574"]
[BlackElo "2139"]
[PlyCount "106"]
[EventDate "2009.04.30"]
[EventType "swiss"]
[EventRounds "7"]
[EventCountry "GER"]
[SourceTitle "CBM 130 Extra"]
[Source "ChessBase"]
[SourceDate "2009.07.02"]
[SourceVersion "2"]
[SourceVersionDate "2009.07.15"]
[SourceQuality "1"]

1. f4 d5 2. Nf3 g6 3. d3 Bg7 4. e4 dxe4 5. dxe4 Qxd1+ 6. Kxd1 Nc6 7. c3 e5 8. Bc4 Nge7 9. a3 0-0 10. Be3 Bd7 11. Nbd2 Nc8 12. h4 Nd6 13. Ba2 Rae8 14. fxe5 Nxe5 15. h5 Ng4 16. Bg1 Bc6 17. hxg6 hxg6 18. Nh4 Nxe4 19. Nxg6 Nef2+ 20. Bxf2 Nxf2+ 21. Kc2 Nxh1 22. Rxh1 Re2 23. Nxf8 Bxf8 24. Rf1 Bh6 25. Bxf7+ Kg7 26. Bc4 Rxd2+ 27. Kb3 Bd5 28. Bxd5 Rxd5 29. Kc4 Rd2 30. b3 Rxg2 31. Rf3 Rg4+ 32. Kd5 Rg6 33. c4 Rf6 34. Rh3 Kf7 35. a4 Bg7 36. c5 Rf5+ 37. Kc4 Rf4+ 38. Kb5 Ke6 39. b4 Kd5 40. a5 a6+ 41. Ka4 Kc4 42. Rh2 Rf1 43. Rh4+ Bd4 44. Rxd4+ Kxd4 45. Kb3 Rf3+ 46. Kc2 Kc4 47. Kd2 Kxb4 48. Kc2 Kxc5 49. Kb2 Kc4 50. Kc2 Rf2+ 51. Kd1 Kd3 52. Ke1 Ra2 53. Kf1 Ke3 0-1

[Event "Unterfranken-ch HA 60th"]
[Site "Obernau"]
[Date "2009.04.17"]
[Round "9"]
[White "Schnetter, Thomas"]
[Black "Mut, Friedrich"]
[Result "1-0"]
[WhiteElo "1667"]
[BlackElo "1470"]
[PlyCount "79"]
[EventDate "2009.04.13"]
[EventType "swiss"]
[EventRounds "9"]
[EventCountry "GER"]
[SourceTitle "EXT 2015"]
[Source "ChessBase"]
[SourceDate "2014.11.20"]
[SourceVersion "1"]
[SourceVersionDate "2014.11.20"]
[SourceQuality "1"]

1. d4 f5 2. c4 Nf6 3. Nc3 e6 4. Nf3 Bb4 5. Bd2 a6 6. a3 Ba5 7. b4 Bb6 8. e3 0-0 9. c5 Ba7 10. Bc4 c6 11. 0-0 Ne4 12. Ne5 d6 13. cxd6 Nxd6 14. Bb3 Qf6 15. f4 Nd7 16. Kh1 Nf7 17. Na4 g5 18. Nc5 Nxc5 19. bxc5 g4 20. Ba5 Nxe5 21. fxe5 Qg6 22. g3 Kg7 23. Bc2 h5 24. Qe1 Bd7 25. Kg2 Rf7 26. Rb1 Rb8 27. Bc7 Rc8 28. Rxb7 Bxc5 29. dxc5 Be8 30. Qa5 Qg5 31. Rf4 h4 32. Bb3 Re7 33. Bd8 Rxd8 34. Qxd8 Rxb7 35. Qxg5+ Bg6 36. Qf6+ Kh7 37. Qxh4+ Kg7 38. Qf6+ Kh7 39. Bxe6 Rb2+ 40. Rf2 1-0

[Event "Unterfranken-ch HA 60th"]
[Site "Obernau"]
[Date "2009.04.14"]
[Round "4"]
[White "Mut, Friedrich"]
[Black "Fellhauer, Claus"]
[Result "1/2-1/2"]
[WhiteElo "1470"]
[BlackElo "1473"]
[PlyCount "72"]
[EventDate "2009.04.13"]
[EventType "swiss"]
[EventRounds "9"]
[EventCountry "GER"]
[SourceTitle "EXT 2015"]
[Source "ChessBase"]
[SourceDate "2014.11.20"]
[SourceVersion "1"]
[SourceVersionDate "2014.11.20"]
[SourceQuality "1"]

1. e4 e5 2. Bc4 d6 3. Nf3 Bg4 4. 0-0 Nc6 5. c3 Qf6 6. Be2 h6 7. h3 Be6 8. d4 exd4 9. cxd4 d5 10. e5 Qd8 11. Nh2 Bb4 12. a3 Ba5 13. b4 Bb6 14. Be3 Nge7 15. f4 Nf5 16. Bf2 Bxd4 17. Bxd4 Ncxd4 18. Rf2 Nxe2+ 19. Qxe2 c6 20. g4 Ng3 21. Qf3 Ne4 22. Re2 Qb6+ 23. Kg2 g6 24. Raa2 Qd4 25. Nd2 Nxd2 26. Raxd2 Qc4 27. Nf1 d4 28. Ng3 0-0-0 29. Kh2 Kb8 30. Re1 d3 31. Red1 Bd5 32. Qe3 Be6 33. Rxd3 Qc2+ 34. R1d2 Rxd3 35. Qxd3 Qxd3 36. Rxd3 Bd5 1/2-1/2